000 00489nam a22001697a 4500
005 20251108172546.0
008 250721s2000 xx 000 0 ara d
082 1 4 _aم/808.06/درو
100 1 _aالدروبي، محمد محمود
245 1 0 _aجمهرة توقيعات العرب /
264 1 _aالعين :
_bمركز زايد للتراث،
_c2000.
300 _a2ج.
650 1 7 _aالأدب العربي
650 1 7 _aالإنشاء
942 _2ddc
_cREF
999 _c82512
_d82512